00677nam a2200193 a 4500008004100000020001800041050002300059100001900082245013700101260003900238300002000277350000900297490003000306650004200336650003400378650003900412700001700451710001500468081001s2008 ||||||||||||||||| || u a9780821374795 aIBRD(06)AHD/2008/4 aMulkeen, Aidan10aTeachers for rural schools: experiences in Lesotho, Malawi, Mozambique, Tanzania and UgandacEdited by Aidan Mulkeen and Dandan Chen aWashington, D.C.bWorld Bankc2008 axiv, 119p.: ill a0.00 aAfrican human development aEDUCATION, RURAL--AFRICA, SUB-SAHARAN aTEACHERS--AFRICA, SUB-SAHARAN aRURAL SCHOOLS--AFRICA, SUB-SAHARAN aChen, Dandan aWorld Bank